Kaledár daňových a odvodových povinností

Prehľad povinností daňovníkov.

Salvato in:
Dettagli Bibliografici
Autore principale: Dubielová, Veronika
Natura: Capitolo di libro
Lingua:slovacco
Soggetti:
Tags: Aggiungi Tag
Nessun Tag, puoi essere il primo ad aggiungerne!!

MARC

LEADER 00000naa a2200000 4500
001 0165795
005 20231208085534.1
041 0 |a slo 
044 |a SK 
245 1 0 |a Kaledár daňových a odvodových povinností 
520 |a Prehľad povinností daňovníkov. 
610 2 0 |a odvody 
610 2 0 |a dane 
610 2 0 |a povinnosť daňová 
100 1 |a Dubielová, Veronika